000 00575nam a2200217Ia 4500
003 OSt
005 20220912153131.0
006 a|||||r|||| 00| 0
007 ta
008 220909b |||||||| |||| 00| 0 eng d
024 _a19391
037 _cAnnuals, Advances
040 _aCSL
_beng
_cCSL
041 _aeng
082 _aY15:7:7, L8
100 _aHamilton Roberta
245 0 _aLiberation of women : A study of patriarchy and capitalism
300 _ap.
_ccm.
942 _hY15:7:7, L8
_cREF
_2CC
999 _c98666
_d98666